Economía moderna /

Guardado en:
Autor Principal: Lancaster, Kelvin.
Formato: Libro
Idioma:Spanish
English
Publicado: Madrid : Alianza Editorial, 1977.
Series:Alianza Universidad. Texto
Materias:
Etiquetas: Agregar Etiqueta
Sin Etiquetas, Sea el primero en etiquetar este registro!
LEADER 01137nam a22003015a 4500
001 EEO.eeo003104
008 180227s1977####sp#####g######000#0#spa#d
005 20180227094540.0
245 1 0 |a Economía moderna /  |c Kelvin Lancaster ; versión española de Antonio Ruíz Díaz y José Vergara. 
260 |a Madrid :  |b Alianza Editorial,  |c 1977. 
300 |a 2 v. ;  |c 23 cm. 
490 1 |a Alianza Universidad. Texto 
500 |a Traducción de: Modern economics : principles and policy. 
505 0 |a t.1: Introducción y microeconomía -- t.2: Macroeconomía 
020 |a 842068999X (obra completa) 
020 |a 842068001X (tomo 1) 
020 |a 8420680028 (tomo 2) 
100 1 |a Lancaster, Kelvin. 
830 0 |a Alianza Universidad. Texto 
650 7 |a Microeconomía.  |2 Isoc 
650 7 |a Macroeconomía.  |2 Isoc 
650 7 |a Economía de mercado.  |2 Isoc 
650 7 |a Política económica.  |2 Isoc 
650 7 |a Dinero.  |2 Isoc 
650 7 |a Economía internacional.  |2 Isoc 
041 1 |a spa  |h eng 
859 |a AR-BaUEB  |b BIB. ECONOMIA - General  |h 330  |i L221  |p e05263  |3 Tomo 1 
859 |a AR-BaUEB  |b BIB. ECONOMIA - General  |h 330  |i L221  |p e05264  |3 Tomo 2